000 00555nam a22001817a 4500
005 20251108165506.0
008 250721s1993 xx 000 0 ara d
082 1 4 _aم/216.8/أحم
100 1 _aالحصري، أحمد
245 1 0 _aالسياسه الجزائيه في فقه العقوبات الإسلامي المقارن /
264 1 _aبيروت :
_bدار الجيل،
_c1993.
300 _a3مج
650 1 7 _aالإسلام
650 1 7 _aالفقه الإسلامي
650 1 7 _aالعقوبات
942 _2ddc
_cREF
999 _c29211
_d29211